000 00853pam a2200277 a 4500
001 2477
003 BD-RjUL
005 20211208233548.0
008 131211s1996 njua b 001 0 eng
020 _a0133001873
035 _a(BD-RjUL)2504
040 _aDLC
_cDLC
_dDLC
_dBD-RjUL
_beng
041 _aeng
082 0 0 _a332.0414
_220
_bFAC 1996
100 1 _aFabozzi, Frank J.
_98027
245 1 0 _aCapital markets :
_binstitutions and instruments /
_cFrank J. Fabozzi, Franco Modigliani.
250 _a2nd ed.
260 _aUpper Saddle River, N.J. :
_bPrentice Hall,
_cc1996.
300 _axvi, 768 p. :
_bill. (some col.) ;
_c25 cm.
504 _aIncludes bibliographical references and index.
650 0 _aCapital market.
_98028
700 1 _aModigliani, Franco.
_98029
942 _2ddc
_cBK
999 _c2477
_d2477